Origen y carácter de la crisis actual /

Sin resumen

Uloženo v:
Podrobná bibliografie
Hlavní autor: Zúñiga, Guillermo
Médium: Text
Témata:
Tagy: Přidat tag
Žádné tagy, Buďte první, kdo vytvoří štítek k tomuto záznamu!

MARC

LEADER 00000 a a2200000 04500
001 26
003
040
100 |a Zúñiga, Guillermo  
245 |a Origen y carácter de la crisis actual /  |c Guillermo Zúñiga 
520 |a Sin resumen  
650 |a DEUDA  
650 |a MERCADO INTERNO  
650 |a SECTOR PUBLICO  
650 |a CRISIS  
650 |a SECTOR AGROPECUARIO  
773 |g número 13 -14; páginas 33-43  
999 |c 32557  |d 32557 
773 0 |0 18806  |9 2087  |a Universidad Nacional de Costa Rica  |d Heredia: C.R.: EUNA  |o 02253  |t ABRA  |x 14093928